Surrender : 40 písní, jeden příběh /

Uloženo v:
Hlavní autor: Bono, 1960- (Autor)
Další autoři: Marková, Michala, 1974- (Autor)
Médium: Kniha
Jazyk:Czech
English
Vydáno: Praha : Dobrovský s.r.o., 2023
Edice:Pangea
Témata:
Celkem bylo vypůjčeno:4x
Tagy:
Žádné tagy
LEADER 02072nam a2200517 i 4500
001 100933
003 CZ PrSKC
005 20231106174509.0
007 ta
008 231101s2023 xr acf e 000 0acze
020 |a 9788027720552  |q (vázáno) 
040 |a ULG001  |b cze  |e rda 
041 1 |a cze  |a eng  |h eng 
072 7 |a 78.07  |x Hudebníci, skladatelé a jiná hudební povolání  |2 Konspekt  |9 9 
072 7 |a 929  |x Biografie  |2 Konspekt  |9 8 
080 |a 78.036.071.2  |2 MRF 
080 |a 785.16.071  |2 MRF 
080 |a 78-027.22  |2 MRF 
080 |a 929  |2 MRF 
080 |a (417)  |2 MRF 
080 |a (092)  |2 MRF 
080 |a (0:82-192)  |2 MRF 
100 0 |a Bono,  |d 1960-  |7 ola2002152367  |4 aut  |9 114804 
240 1 0 |a Surrender.  |l Česky 
245 1 0 |a Surrender :  |b 40 písní, jeden příběh /  |c Bono ; z anglického originálu Surrender: 40 songs, one story přeložila Michala Marková 
264 1 |a Praha :  |b Dobrovský s.r.o.,  |c 2023 
300 |a 591 stran, 24 nečíslovaných stran obrazových příloh :  |b ilustrace (převážně barevné), portréty ;  |c 24 cm 
336 |a text  |b txt  |2 rdacontent 
337 |a bez média  |b n  |2 rdamedia 
338 |a svazek  |b nc  |2 rdacarrier 
490 1 |a Pangea 
546 |a Český text ; částečně anglický text 
600 0 7 |a Bono,  |7 ola2002152367  |2 czenas  |d 1960- 
610 2 7 |a U2 (hudební skupina)  |7 xx0009080  |2 czenas 
648 7 |a 20.-21. století  |7 ch462155  |2 czenas  |9 53009 
650 0 7 |a rockoví zpěváci  |7 ph311279  |y 20.-21. století  |z Irsko  |2 czenas 
650 0 7 |a hudební skupiny  |7 ph120924  |y 20.-21. století  |z Irsko  |2 czenas 
650 0 7 |a hudební život  |7 ph135177  |y 20.-21. století  |2 czenas 
655 7 |a autobiografie  |7 fd131855  |2 czenas  |9 53459 
655 7 |a písňové texty  |7 fd133190  |2 czenas 
700 1 |a Marková, Michala,  |d 1974-  |7 mzk2005274842  |4 trl  |9 4783 
830 0 |a Pangea 
910 |a UOG502 
942 |2 ddc  |c KN 
999 |d 100933 
993 |0 0  |1 421180101331  |2 ddc  |4 0  |6 929_000000000000000  |7 0  |9 91618  |b 0  |c 101331  |d 2023-11-06  |e 4  |f DOSP  |g 929  |h 499.00  |i Koupě  |l DOSP  |m 2  |r 2026-03-24  |s 2026-02-17  |t 5  |w 2023-11-06  |y KN  |z NAUCNA